000 00507nam a2200181Ia 4500
005 20250326123630.0
008 250326s9999 xx 000 0 und d
037 _aTextbook
040 _aFMSL
_beng
_cFMSL
041 _aeng
_2eng
084 _aD658(B) K8
_qFMSL
100 _aMize J H
_9735655
245 0 _aEssentials of simulation
_cMize J H; Cox J G
260 _aNew Jersey
_bNew Jersey, Prentice-Hall
_c1968
300 _a234p
942 _cTB
_hD658(B) K8
999 _c1270238
_d1270238